| 000 | 00677nam a22002537a 4500 | ||
|---|---|---|---|
| 999 |
_c12073 _d12073 |
||
| 001 | 12073 | ||
| 003 | BD-JhCC | ||
| 005 | 20210311115931.0 | ||
| 008 | 210311s2019 ii |||| |||| 001 0 eng d | ||
| 020 | _a9789352450700 | ||
| 020 | _a9789352450717 | ||
| 035 | _a(BD-JhCC)12073 | ||
| 040 |
_aBD-JhCC _dBD-JhCC |
||
| 041 | _aeng | ||
| 082 |
_a330.9 _bBAN 2019 |
||
| 100 | _aBanerjee, Abhijit V. | ||
| 245 |
_aGood economics for hard times / _cAbhijit V. Banerjee and Esther Duflo |
||
| 260 |
_aNew Delhi : _bJuggernaut, _c2019. |
||
| 300 |
_aix, 403 p. : _c22 cm. |
||
| 650 | _aEconomic history | ||
| 650 | _aGlobalization | ||
| 700 | _aDuflo, Esther | ||
| 942 |
_2ddc _cBK |
||